Представление документа в формате RUSMARC

ПолеНазваниеЗначение
  Тип записи a
  Библиографический уровень m
001 Контрольный номер RU/CBS_UL/BASE/fe5abee2429f46e6a034950430c4ac58
005 Дата корректировки 20230329154339.0
101 Язык документа __
a Язык текста rus
102 Страна публикации __
a Страна публикации RU
200 Заглавие и сведения об ответственности 0_
a Заглавие № 3
210 Выходные данные __
d Дата издания 2023
461 Уровень набора __
1 2001
a Детское чтение для сердца и разума
v № 3
1 210
d 2023
801 Источник записи __
a Страна RU
b Организация МБУК ЦБС г. Ульяновска
g Правила каталогизации RCR
901 Тип документа __
w Контрольный № источника RU/IS/BASE/405768739
t Тип документа s